Las flores del mal

Sparad:
Bibliografiska uppgifter
Huvudupphovsman: Baudelaire, Charles
Materialtyp: Bok
Språk:Undetermined
Publicerad: Madrid, España EDAF 1973
Ämnen:
Taggar: Lägg till en tagg
Inga taggar, Lägg till första taggen!

MARC

LEADER 00000nam a2200000Ia 4500
008 170316s9999 xx 000 0 und d
040 |a cru BVZT 
090 |a 840 B-3f 
100 |a Baudelaire, Charles 
245 |a Las flores del mal 
260 |a Madrid, España 
260 |b EDAF 
260 |c 1973 
300 |a 317 páginas 
650 |a LITERATURA FRANCESA 
650 |a POESÍA 
999 |c 7530  |d 7530 
942 |c 15 D  |h 840 B-3f  |2 z